| 000 | 02136nam a22003257a 4500 | ||
|---|---|---|---|
| 003 | DO-SdBNP | ||
| 005 | 20250320105153.0 | ||
| 007 | ta | ||
| 008 | 210820b2020 abo|| |||| 00| 0 spa | ||
| 020 | _a978-9945-9235-3-7 | ||
| 040 |
_aDO-SdBNP _bspa _cBNPHU |
||
| 082 | 4 |
_a333.95 _bB562b _222 |
|
| 100 | 1 |
_aBetancourt Fernández, Liliana. _99627 |
|
| 245 | 0 | 1 |
_aLa biodiversidad en la República Dominicana / _cLiliana Bitencourt Fernández, Alejandro Herrera Moreno, Brígido Peguero |
| 260 |
_aSanto Domingo : _bMinisterio de Medio Ambiente, _c2020. |
||
| 300 |
_a489 p. : _bil. , fots., mapas, tablas; _c29 cm. |
||
| 500 | _aApéndice A / Listado se especie costeras y marina. | ||
| 504 | _aIncluye referencias bibliográficas: p.(12-1) - (12-112) | ||
| 505 |
_aIndice general _tPresentación -- _tResumen ejecutivo -- _tCapítulo1. Introducción y Antecedentes -- _tCapítulo 2. Metodología -- _tCapítulo 3. Marco físico - geográfico de la biodiversidad domninicana -- _tCapítulo 4. Caracterización de los ecosistemas naturales -- _tCapítulo 5. Situación actual de la flora -- _tCapítulo 6. Situación actual de la fauna -- _tCapítulo 7. Habitats críticos -- _tCapítulo 8. Usos de la biodiversidad, amenazas e impactos -- _tCapítulo 9. Biodiversidad en las Äreas Protegidas -- _tCapítulo 10. Bases legales que sustentan la gestión de la biodiversidad -- _tCapítulo 11. Recomendaciones -- _tCapítulo 12. Referencias bibliográficas -- _tApéndice A / Listado de especies costeras y marinas -- _tApéndice B / Listado se especies terrestres -- _tmapas |
||
| 590 | _aInventariado, 2022/MFF | ||
| 650 | 4 |
_aBiodiversidad _zRepública Dominicana. _979516 |
|
| 650 | 4 |
_aDiversidad biológica _zRepública Dominicana. _979517 |
|
| 650 | 7 |
_aConservación del medio ambiente _zRepública Dominicana _979518 _2LEMB |
|
| 650 | 4 |
_aProtección del medio ambiente _zRepública Dominicana. _979519 |
|
| 700 | 1 |
_aHerrera Moreno, Alejandro _99624 |
|
| 700 | 1 |
_aPeguero, Brígido _982044 |
|
| 700 | 1 |
_aSantana, Gloria _eCoordinación técnica, revisión y edición _979521 |
|
| 910 | _aValidado. Control de calidad MFF | ||
| 942 |
_2ddc _cLBS1 |
||
| 999 |
_c50232 _d50232 |
||